Equinox

Salvato in:
Dettagli Bibliografici
Autore principale: Figes, Eva (Autore)
Natura: Libro
Lingua:inglese
Pubblicazione: Londres Panther Books 1969
Soggetti:
Tags: Aggiungi Tag
Nessun Tag, puoi essere il primo ad aggiungerne!!

MARC

LEADER 00000nam a2200000 a 4500
001 UCQ3842
003 CL-VaPUC
008 980828e19690000UK |||||||||||||||||eng|d
082 0 4 |a 823  |b FIG  |2 21 
100 0 |a Figes, Eva  |e author  |9 418060 
245 1 0 |a Equinox 
300 |a 157 p 
942 |c BK 
945 |d 19980828 00:00:00  |a crobeson 
260 |a Londres  |b Panther Books  |c 1969 
650 0 |a Novelas inglesas  |9 265220 
650 0 |a Literatura inglesa  |9 312907 
583 |a last modification  |c 19980828 00:00:00  |k Rodrigo Vera 
999 |c 274354  |d 274352 
952 |0 0  |1 0  |4 0  |6 823_000000000000000_FIG_1969  |7 0  |8 A  |9 310506  |a BIBEDU  |b BIBEDU  |d 2019-11-20  |i 1458868  |l 1  |o 823 FIG 1969  |p 1458868  |q 2024-09-04  |r 2024-08-28  |s 2024-08-28  |w 2019-11-20  |y BK  |k LIT